000 00741nam a2200241Ia 4500
003 GCL
008 140319s9999 xx 000 0 ara d
020 _a2246208977
040 _aGCL /
_cGCL
082 0 4 _a641.1
_bس أ
100 1 _aسامى عبدالقادر سعيد
245 1 0 _aاساسيات الرجيم والتغذية /
_cسامى عبدالقادر سعيد
250 _aالاولى
260 _aالقاهرة :
_bمكتبة مدبولى ،
_c1999
300 _a109 ص ؛
_c24 سم
650 0 4 _aالتغذية
650 0 4 _aالرجيم
650 0 4 _aالرجيم منخفض السعرات
650 0 4 _aالبدانة
650 0 4 _aالطهى
650 0 4 _aالدهون فى التغذية
942 _2ddc
_cBK
999 _c4989
_d4989